000 00672nam a22001937a 4500
005 20240229153228.0
010 _aEN-139419
020 _a9788123017440
_c300.00
035 _aEN-122690
037 _bDBAD/PUB
082 _a338.4791
_21
_b1
100 _aKelkar,D.G.
_962626
245 _aLamps of India/
_cBy D.G.Kelkar
_hEnglish
260 _aNew Delhi
_bThe Director General Publication Division Ministry of Information and Broadcasting Government of India
_c2012
270 _aSoochna Bhawan Government of India CGO Complex Lodhi Road
_bNew Delhi
_e110003
300 _a80Pages
_c29.cm hbk
760 _b1
942 _cEN
_h338.4791
_2ddc
_mKEL
_e2012
999 _c201155
_d201155